Handball : Meilleur buteur D1 française de handball - Statistiques

Statistiques générales
  • Ce quiz a été pris 75 fois
  • Le résultat moyen est 7 sur 46
Statistiques - réponses
Hint Réponse Buts Club % Correct
2014-2015 Mikkel Hansen 201 Paris Saint-Germain
83%
2015-2016 Mikkel Hansen 228 Paris Saint-Germain
83%
2017-2018 Raphaël Caucheteux 167 Saint-Raphaël VHB
72%
2018-2019 Raphaël Caucheteux 179 Saint-Raphaël VHB
72%
2019-2020 Raphaël Caucheteux 145 Saint-Raphaël VHB
72%
2022-2023 Nemanja Ilić 202 Fenix Toulouse Handball
56%
2013-2014 Dragan Gajić 192 Montpellier AHB
36%
2020-2021 Dragan Gajić 233 Limoges Handball
36%
2O21-2022 Dragan Gajić 228 Limoges Handball
36%
2016-2017 Uwe Gensheimer 167 Paris Saint-Germain
33%
2009-2010 Guillaume Saurina 178 USAM Nîmes Gard
16%
2011-2012 Guillaume Saurina 162 USAM Nîmes Gard
16%
2010-2011 Baptiste Butto 178 US Dunkerque
13%
1988-1989 Frédéric Volle 154 USAM Nîmes 30
13%
2004-2005 Guillaume Joli 164 Chambéry Savoie HB
13%
2007-2008 Mladen Bojinović 182 Montpellier AHB
11%
2008-2009 Anouar Ayed 166 Toulouse Handball
3%
1999-2000 Irfan Smajlagić 174 Livry-Gargan handball
3%
2001-2002 Irfan Smajlagić 185 Livry-Gargan handball
3%
1990-1991 Zlatko Saračević 169 Girondins de Bordeaux HBC
3%
1996-1997 Zlatko Saračević ? Istres sports
3%
1985-1986 Andrzej Tłuczyński 144 US Créteil
2%
1987-1988 Andrzej Tłuczyński 148 US Créteil
2%
1983-1984 Bernard Gaffet 102 SMUC Marseille
2%
1986-1987 Bernard Gaffet 174 Stade Marseillais UC
2%
1991-1992 Marc Wiltberger 192 Girondins de Bordeaux HBC
2%
2012-2013 Matthieu Drouhin 180 Tremblay-en-France Handball
2%
1994-1995 Olivier Maurelli 181 Girondins de Bordeaux HBC
2%
1992-1993 Pepi Manaskov 175 US Créteil
2%
2006-2007 Ragnar Þór Óskarsson 168 US Ivry
2%
1982-1983 Roland Indriliunas 109 RC Strasbourg
2%
2005-2006 Sébastien Bosquet 180 US Dunkerque
2%
2000-2001 Ciprian Beșta 140 Girondins de Bordeaux HBC
0%
1973-1974 Dino Chiavus ? US Altkirch
0%
1974-1975 Dino Chiavus 118 US Altkirch
0%
1997-1998 Emmanuel Courteaux 178? UMS Pontault-Combault
0%
2002-2003 Eric Gull 143 SC Sélestat
0%
1984-1985 Marc-Henri Bernard 130 Stella Sports Saint-Maur
0%
1989-1990 Marko Nenadić 138 US Dunkerque
0%
1981-1982 Patrick Persichetti 117 US Ivry
0%
1978-1979 Phillipe Monneron 139 ES St-Martin-d'Hères
0%
1979-1980 Phillipe Monneron 136 ES St-Martin-d'Hères
0%
1980-1981 Phillipe Monneron 116 ES St-Martin-d'Hères
0%
2003-2004 Volker Michel 193 SC Sélestat
0%
1993-1994 Zlatko Portner 220 Vénissieux handball
0%
1998-1999 Zoran Stojiljković 159 PSG-Asnières
0%
Aucun quiz correspondant
Distribution des résultats
% des personnes avec chaque résultat
Percentile par nombre de réponses
Votre historique - résultats
Vous n’avez pas pris ce quiz